| 000 | 00828nam a2200241Ia 4500 | ||
|---|---|---|---|
| 003 | OSt | ||
| 005 | 20251113112115.0 | ||
| 008 | 220923b |||||||| |||| 00| 0 eng d | ||
| 020 | _a9780262034319 | ||
| 037 | _cGeneral Book | ||
| 040 |
_aRTL _cRTL _beng |
||
| 041 |
_2eng _aeng |
||
| 084 |
_aY:3(P), Q6 _qRTL |
||
| 100 |
_aChristiansen, Morten H. _9286930 |
||
| 245 | 0 |
_aCreating language: integrating evolution, acquisition and processing _b |
|
| 260 |
_aLondon _bMIT Press _c2016 |
||
| 300 |
_axiv,330 p. _bIncludes bibliographical references and index. |
||
| 500 | _aBibliography: 317-320p. | ||
| 650 |
_aSociology _9851079 |
||
| 700 |
_a Chater, Nick _9286931 _eCo-author |
||
| 942 |
_hY:3(P), Q6 _cGB _2CC _n0 |
||
| 999 |
_c575074 _d575074 |
||